LEADER 01440nam a2200301 a 4500 001 000000125898 003 CaOOAMICUS 005 20110707105919.0 008 110707s1992 vc u000 u ita r 020 $a88-209-1894-3 040 $aPUL$bita 130 0 $aRituale romanum.$pDe benedictionibus.$lItaliano.$0(OLS)http://pul/title/101023 245 10$aBenedizionale. 246 33$aRituale romano riformato a norma dei decreti del Concilio Ecumenico Vaticano II e promulgato da Papa Giopvanni Paolo II 260 $a[Cittą del Vaticano] :$bLibreria editrice vaticana,$c1992. 300 $a446 p. ;$c27 cm 500 $aIn calce al front.: Conferenza episcopale italiana 650 4$aLiturgia.$0(OLS)http://pul/subject/2437 650 4$aBenedizioni.$0(OLS)http://pul/subject/12937 710 2 $aConferenza episcopale italiana.$0(OLS)http://pul/name/9850 850 $aPUL 852 $aPUL$W1$xCollocazioni Temporanee$y24$mCappella Universitaria 3$j145049$qStampati$B144050$CPULBib$Z2$F144050 $82 941 1 $a8 996 $6020$a88-209-1894-3$9(OLS)http://pul/number/147654 996 $6245$aBenedizionale$9(OLS)http://pul/title/158908 996 $6246$aRituale romano riformato a norma dei decreti del Concilio Ecumenico Vaticano II e promulgato da Papa Giopvanni Paolo II$9(OLS)http://pul/title/158909 996 $6260$a[Cittą del Vaticano] :$bLibreria editrice vaticana$9(OLS)http://pul/publisher/49159 LEADER 01597nam a2200361 u 4500 001 000000048569 003 CaOOAMICUS 005 20070226115019.0 008 000512s1998 it u000 u ita u 020 $a8804310693 035 $a10847506 040 $aPUL$bita 041 1 $aita$alat 100 0 $aAugustinus,$cs., vesc. d'Ippona,$d354-430.$0(OLS)http://pul/name/1290 240 10$aEnarrationes in Psalmos$9(Augustinus, s., vesc. d'Ippona, 354-430).$lItaliano e Latino.$1Gruppi, scelte.$0(OLS)http://pul/title/65415 245 10$aCommento ai Salmi /$cSant'Agostino ; a cura di Manlio Simonetti. 250 $a4. ed. 260 $a[Roma] :$bFondazione Lorenzo Valla ;$a[Milano] :$bA. Mondadori,$c1998. 300 $axl, 738 p. ;$c20 cm 490 1 $aScrittori greci e latini 500 $aComprende indici. 700 1 $aSimonetti, Manlio,$d1926-$0(OLS)http://pul/name/851 830 0$aScrittori greci e latini.$0(OLS)http://pul/title/10625 850 $aPUL 852 $aPUL$W1$xDP1 Cons. Gen., Altre Classi 1$y22$m705 M 68$j64689$nBK-PRI$b $qStampati$B64689$CPULBib$Z2$F64689 $H $81 900 $aAgostino,$cs., vesc. d'Ippona,$d354-430$91290 900 $aAgostino, Aurelio,$cs., vesc. d'Ippona$d354-430$91290 941 1 $a8 961 $aINV: 81696 996 $6020$a8804310693$9(OLS)http://pul/number/61114 996 $6245$aCommento ai Salmi$9(OLS)http://pul/title/65416 996 $6260$a[Roma] :$bFondazione Lorenzo Valla$9(OLS)http://pul/publisher/51886 996 $6260$a[Milano] :$bA. Mondadori$9(OLS)http://pul/publisher/51887